000 00934nam a2200253 a 4500
001 71803
003 BD-RjUL
005 20211209082150.0
008 170508r19321929enkaf b 001 0 eng
035 _a(BD-RjUL)72019
040 _aANL
_beng
_cBD-RjUL
_dBD-RjUL
041 _aeng
082 0 4 _a535.6
_223
_bLAC 1932
100 1 _aLadd-Franklin, Christine,
_d1847-1930.
_9212410
245 1 0 _aColour and colour theories /
_cby Christine Ladd-Franklin.
260 _aLondon :
_bKegan Paul, Trench, Trubner & Co.,
_c1929 (1932 printing)
300 _axv, 287, 7 p. :
_bill. ;
_c22 cm.
490 1 _aInternational library of psychology, philosophy and scientific method
504 _aIncludes bibliographical references and index.
650 0 _aColor
_xPsychological aspects.
_9212411
650 0 _aColor vision.
_9212412
830 0 _aInternational library of psychology, philosophy, and scientific method.
_9212414
942 _2ddc
_cBK
999 _c71803
_d71803